مكتبة جامعة عجلون الوطنية

فهرس بحث المكتبة

Normal view MARC view
  • فالنتين.س.و ، بركات،محمد خليفة ، أسعد،يوسف ميخائيل/ترجمة

Entry Personal Name

Number of records used in: 1

001 - CONTROL NUMBER

  • control field: 10558

003 - CONTROL NUMBER IDENTIFIER

  • control field: JO-AjAnu

005 - DATE AND TIME OF LATEST TRANSACTION

  • control field: 20230606072008.0

008 - FIXED-LENGTH DATA ELEMENTS

  • fixed length control field: 230606|| aca||aabn | a|a d

040 ## - CATALOGING SOURCE

  • Original cataloging agency: JO-AjAnu
  • Transcribing agency: JO-AjAnu

100 ## - HEADING--PERSONAL NAME

  • Personal name: فالنتين.س.و ، بركات،محمد خليفة ، أسعد،يوسف ميخائيل/ترجمة

670 ## - SOURCE DATA FOUND

  • Source citation: Work cat.: (JO-AjAnu)5434: فالنتين.س.و ، بركات،محمد خليفة ، أسعد،يوسف ميخائيل/ترجمة, author, الطفل الطبيعي = The Normal Child